| 000 | 00591cam a2200181 4500 | ||
|---|---|---|---|
| 082 | 0 | 0 |
_a658.1552 _bSHI |
| 100 | 1 |
_aShillinglaw, Gordon. _944634 |
|
| 245 | 0 | 0 | _aCost accounting, analysis and control. |
| 250 | _a3d ed. | ||
| 260 |
_aHomewood, Ill., _bR. D. Irwin, _c1972. |
||
| 300 |
_axviii, 789 p. _billus. _c24 cm. |
||
| 490 | 0 | _aThe Willard J. Graham series in accounting | |
| 500 | _aFourth ed. published in 1977 under title: Managerial cost accounting. | ||
| 526 |
_a0 _b0 _c0 _d658_155200000000000_SHI |
||
| 650 | 0 |
_aCost accounting. _944635 |
|
| 650 | 0 |
_aMCE _9379 |
|
| 942 |
_2ddc _cBK |
||
| 999 |
_c548368 _d548368 |
||